Messi ou Ronaldo ? - Statistiques

Statistiques générales
  • Ce quiz a été pris 16 816 fois
  • Le résultat moyen est 10 sur 15
Statistiques - réponses
Question Réponse % Correct
Je suis le recordman du nombre de ballons d'or Lionel Messi
95%
Je suis le recordman de titres en Ligue des champions (depuis 1993) Cristiano Ronaldo
92%
Je suis le meilleur passeur décisif de l'histoire Lionel Messi
92%
Je suis le meilleur buteur de tout les temps Cristiano Ronaldo
91%
J'ai eu Ronaldinho en tant que coéquipier Lionel Messi
91%
Je suis champion olympique Lionel Messi
79%
Je suis le meilleur buteur de l'histoire de ma sélection Les deux
74%
J'ai eu Achraf Hakimi en tant que coéquipier Les deux
72%
Un aéroport porte mon nom Cristiano Ronaldo
69%
J'ai marqué lors de trois finales de Ligue des champions différentes Cristiano Ronaldo
68%
J'ai remporté un sextuplé (Six trophée sur la même année) avec mon club Lionel Messi
63%
J'ai eu Gérard Piqué en tant que coéquipier Les deux
55%
Je suis expulsé après 44 secondes pour mon premier match avec ma sélection Lionel Messi
46%
Le premier match entre les deux joueurs s'est terminé sur un match nul, lequel des deux a gagné le deuxième match ? Cristiano Ronaldo
34%
J’ai déjà été condamné par la justice espagnole pour fraude fiscale Les deux
22%
Aucun quiz correspondant
Distribution des résultats
% des personnes avec chaque résultat
Percentile par nombre de réponses
Votre historique - résultats
Vous n’avez pas pris ce quiz